000 00182 a2200097 4500
020 _a9780590937726
041 _aspa
100 _aScholastic
245 _aUn dia de Nieve
942 _cK
999 _c27675
_d27675